SIPRI Yearbook 1994 : (Record no. 616563)

MARC details
000 -LEADER
fixed length control field 00512nam a2200181 a 4500
008 - FIXED-LENGTH DATA ELEMENTS--GENERAL INFORMATION
fixed length control field 260302s1994##################000#0#eng##
020 ## - INTERNATIONAL STANDARD BOOK NUMBER
ISBN 9780198291824
082 04 - DEWEY DECIMAL CLASSIFICATION NUMBER
Classification number 327.17405
Item number STO
100 1# - MAIN ENTRY--AUTHOR NAME
Personal name Institute, Stockholm International Peace Research,
245 10 - TITLE STATEMENT
Title SIPRI Yearbook 1994 :
260 ## - PUBLICATION, DISTRIBUTION, ETC. (IMPRINT)
Name of publisher Oxford University Press, USA,
Year of publication 1994.
650 #0 - SUBJECT ADDED ENTRY--TOPICAL TERM
Topical Term History.
942 ## - ADDED ENTRY ELEMENTS (KOHA)
Koha item type English Books
Holdings
Withdrawn status Lost status Damaged status Not for loan Home library Current library Shelving location Date acquired Full call number Accession Number Price effective from Koha item type
        Anna Centenary Library Anna Centenary Library 3RD FLOOR, B WING 02.03.2026 327.17405 STO 280562 02.03.2026 English Books

Find us on the map